El instinto de la dicha

Zapisane w:
Opis bibliograficzny
1. autor: Maurois, André
Format: Książka
Język:Undetermined
Wydane: Santiago, Chile Osiris 1934
Hasła przedmiotowe:
Etykiety: Dodaj etykietę
Nie ma etykietki, Dołącz pierwszą etykiete!

MARC

LEADER 00000nam a2200000Ia 4500
008 170316s9999 xx 000 0 und d
040 |a cru BVZT 
090 |a 840 M-16i 
100 |a Maurois, André 
245 |a El instinto de la dicha 
260 |a Santiago, Chile 
260 |b Osiris 
260 |c 1934 
300 |a 108 páginas 
650 |a LITERATURA FRANCESA 
999 |c 7801  |d 7801 
942 |c 15 D  |h 840 M-16i  |2 z